000
00354nam a2200157Ia 4500
003
OSt
005
20240306110955.0
008
170523s9999 xx 000 0 und d
020
_a
978-9353167301
040
_c
iimtu meerut
100
_a
KHAN- MY
245
0
_a
INDIAN FINANCIAL SYSTEMS
260
_b
NEW DELHI THM
260
_c
2004
942
_2
ddc
_c
02
999
_c
1005
_d
1005